<?xml version="1.0" encoding="UTF-8"?>
<marc:record xmlns:marc="http://www.loc.gov/MARC21/slim">
   <marc:leader>00000nam a2200000 a 4500</marc:leader>
   <marc:datafield ind1="1" ind2=" " tag="100">
      <marc:subfield code="a">Betz, Robert</marc:subfield>
      <marc:subfield code="4">aut</marc:subfield>
      <marc:subfield code="e">Verfasser/-in</marc:subfield>
   </marc:datafield>
   <marc:datafield ind1=" " ind2=" " tag="653">
      <marc:subfield code="a">Esoterik</marc:subfield>
   </marc:datafield>
   <marc:datafield ind1=" " ind2=" " tag="653">
      <marc:subfield code="a">Körper und Gesundheit</marc:subfield>
   </marc:datafield>
   <marc:datafield ind1=" " ind2=" " tag="653">
      <marc:subfield code="a">Heilen</marc:subfield>
   </marc:datafield>
   <marc:datafield ind1=" " ind2=" " tag="653">
      <marc:subfield code="a">Körpererfahrung</marc:subfield>
   </marc:datafield>
   <marc:datafield ind1=" " ind2=" " tag="653">
      <marc:subfield code="a">Glaube</marc:subfield>
   </marc:datafield>
   <marc:datafield ind1=" " ind2=" " tag="653">
      <marc:subfield code="a">Bewusstseinsveränderung</marc:subfield>
   </marc:datafield>
   <marc:datafield ind1="0" ind2="0" tag="245">
      <marc:subfield code="a">Glücklich in einem gesunden Körper - ein Leben lang</marc:subfield>
   </marc:datafield>
   <marc:datafield ind1="0" ind2="0" tag="245">
      <marc:subfield code="b">Deinen Körper ehren, heilen, lieben und genießen</marc:subfield>
   </marc:datafield>
   <marc:datafield ind1=" " ind2="1" tag="264">
      <marc:subfield code="b">Robert Betz Transformations</marc:subfield>
      <marc:subfield code="c">2009</marc:subfield>
   </marc:datafield>
   <marc:datafield ind1="1" ind2=" " tag="520">
      <marc:subfield code="a">Viele Menschen glauben immer noch, es sei eine Frage von Glück, Schicksal oder Vererbung, ob unser Körper gesund und schön ist und bleibt. Wir haben ihn in unserem Denken zu einem Ding gemacht, das man benutzen kann und das irgendwann alt und zerbrechlich wird. Wir haben unsere Macht über unsere Gesundheit abgegeben an Experten und eine Medizin, die heute mehr Kosten als Nutzen produziert. Unser Körper ist ein lebendiges Wesen, das auf alles reagiert, was in seinem Träger, dem Menschen, gedacht und gefühlt wird. Es ist ein perfekter Diener ohne eigenen Willen und unsere eigene Schöpfung. Wir selbst gestalten ihn tagein, tagaus durch die Energien, die wir in die Welt schicken, und vor allem durch unser Denken über uns selbst, den Körper und das Leben. Dieser Vortrag führt den Hörer zu einem völlig neuen Verständnis seines Körpers und in die Eigenverantwortung über seine Gesundheit und sein Aussehen.</marc:subfield>
   </marc:datafield>
   <marc:datafield ind1="3" ind2=" " tag="024">
      <marc:subfield code="a">9783940503817</marc:subfield>
   </marc:datafield>
</marc:record>
